00443nam a2200205Ia 4500003000400000005001700004008004100021040000600062041001200068082000800080100001600088100001100104110001400115245003800129260001300167260001900180260000900199300001500208650001400223OSt20220228175406.0150909s9999 xx 000 0 und d c. aEnglish a547 aAnson M.L  eEditor 4Side Rack aAdvances in protein chemistry V.6 aNew York bAcademic press c1951 a549 Pages aChemistry